000 00597nam a2200181 a 4500
001 000044708
005 20201002045551.0
008 150107s2014 dr 000 0 spa d
020 _a9789945081312
040 _aDO-SdBNP
_bspa
_cBNPHU
082 _axxxx
_bxxxx
100 1 _aPi. Es
_d1971-
_q(Santana, Pedro)
_972707
245 1 0 _aEntre la mente y el espíritu /
_cPi. Es ; prólogo Diego A. Sosa.
260 _aSanto Domingo :
_bBúho,
_c2014.
300 _a148 p. ;
_c23 cm.
500 _aIncluye datos biográficos del autor en la solapa de la cubierta
700 1 _aSosa, Diego A.
_epról.
_969071
999 _c44197
_d44197